Cấu trúc dữ liệu hướng đối tượng với C++
Bewaard in:
| Hoofdauteur: | |
|---|---|
| Formaat: | Boek |
| Taal: | Undetermined |
| Gepubliceerd in: |
Hà Nội
Thống kê
2005
|
| Onderwerpen: | |
| Tags: |
Voeg label toe
Geen labels, Wees de eerste die dit record labelt!
|
| Thư viện lưu trữ: | Trung tâm Học liệu Trường Đại học Cần Thơ |
|---|
| LEADER | 00669nam a2200205Ia 4500 | ||
|---|---|---|---|
| 001 | CTU_74098 | ||
| 008 | 210402s9999 xx 000 0 und d | ||
| 020 | |b 36000 | ||
| 020 | |c 36000 | ||
| 082 | |a 005.133 | ||
| 082 | |b H299 | ||
| 100 | |a Harrington, Jan L. | ||
| 245 | 0 | |a Cấu trúc dữ liệu hướng đối tượng với C++ | |
| 245 | 0 | |c Jan L. Harrington; Nguyễn Trường Sinh biên dịch | |
| 260 | |a Hà Nội | ||
| 260 | |b Thống kê | ||
| 260 | |c 2005 | ||
| 650 | |a C ( computer program language ),Data strustures ( computer science ) | ||
| 904 | |i Mai Loan | ||
| 980 | |a Trung tâm Học liệu Trường Đại học Cần Thơ | ||